مبادئ الغزالي التربوية / (رقم التسجيلة. 117272)
[ عرض عادي ]
| 000 -LEADER | |
|---|---|
| fixed length control field | 00651nam a22001937a 4500 |
| 005 - DATE AND TIME OF LATEST TRANSACTION | |
| control field | 20251108174746.0 |
| 008 - FIXED-LENGTH DATA ELEMENTS--GENERAL INFORMATION | |
| fixed length control field | 250721s2009 xx 000 0 ara d |
| 082 14 - DEWEY DECIMAL CLASSIFICATION NUMBER | |
| Classification number | 189.34/شمر |
| 100 1# - MAIN ENTRY--PERSONAL NAME | |
| Personal name | الشمري، هدى علي جواد |
| Relator term | مؤلف |
| 245 10 - TITLE STATEMENT | |
| Title | مبادئ الغزالي التربوية / |
| 264 1# - PRODUCTION, PUBLICATION, DISTRIBUTION, MANUFACTURE, AND COPYRIGHT NOTICE | |
| Place of production, publication, distribution, manufacture | عمان : |
| Name of producer, publisher, distributor, manufacturer | دار المناهج للنشر و التوزيع، |
| Date of production, publication, distribution, manufacture, or copyright notice | 2009. |
| 300 ## - PHYSICAL DESCRIPTION | |
| Extent | 239ص. |
| 650 17 - SUBJECT ADDED ENTRY--TOPICAL TERM | |
| Topical term or geographic name as entry element | الفلسفة الاسلامية |
| 650 17 - SUBJECT ADDED ENTRY--TOPICAL TERM | |
| Topical term or geographic name as entry element | فلسفة الغزالي |
| 650 17 - SUBJECT ADDED ENTRY--TOPICAL TERM | |
| Topical term or geographic name as entry element | التربية الاسلامية |
| 700 1# - ADDED ENTRY--PERSONAL NAME | |
| Personal name | الساموك، سعدون |
| Relator term | مراجع |
| 942 ## - ADDED ENTRY ELEMENTS (KOHA) | |
| Source of classification or shelving scheme | Dewey Decimal Classification |
| Koha item type | كتب |
| حالة السحب | حالة الفقدان | مصدر التصنيف | حالة التلف | غير قابل للإعارة | المكتبة الرئيسية | المكتبة الحالية | موقع الرف | تاريخ التزويد | الرقم المتسلسل | Total Checkouts | رقم الإستدعاء | تاريخ آخر ظهور | تاريخ الفاتورة | نوع المادة (كوها) | الباركود |
|---|---|---|---|---|---|---|---|---|---|---|---|---|---|---|---|
| Dewey Decimal Classification | المكتبة المركزية | المكتبة المركزية | مقتنيات قسم التزويد | 28/07/2025 | 1296342 | 189.34/شمر | 28/07/2025 | 28/07/2025 | كتب | ||||||
| Dewey Decimal Classification | مكتبة أبو علندا العامة | مكتبة أبو علندا العامة | الإعارة | 19/07/2009 | 1296344 | 189.34/شمر | 28/07/2025 | 19/07/2009 | كتب | PLD00102567 | |||||
| Dewey Decimal Classification | مكتبة الأميرة ايمان العامة | مكتبة الأميرة ايمان العامة | الإعارة | 19/07/2009 | 1296345 | 189.34/شمر | 28/07/2025 | 19/07/2009 | كتب | PLD00102566 | |||||
| Dewey Decimal Classification | مكتبة الاميرة بديعة | مكتبة الاميرة بديعة | الإعارة | 19/07/2009 | 1296346 | 189.34/شمر | 28/07/2025 | 19/07/2009 | كتب | PLD00102565 | |||||
| Dewey Decimal Classification | مكتبة الجويدة | مكتبة الجويدة | الإعارة | 19/07/2009 | 1296347 | 189.34/شمر | 28/07/2025 | 19/07/2009 | كتب | PLD00102564 | |||||
| Dewey Decimal Classification | مكتبة النصر العامة | مكتبة النصر العامة | الإعارة | 19/07/2009 | 1296349 | 189.34/شمر | 28/07/2025 | 19/07/2009 | كتب | PLD00102562 |